header

Mosby's 1999 Family Practiice Sourcebook (Record no. 253058)

MARC details
000 -LEADER
fixed length control field 00401nam a22001577a 4500
003 - CONTROL NUMBER IDENTIFIER
control field OSt
005 - DATE AND TIME OF LATEST TRANSACTION
control field 20160324103816.0
008 - FIXED-LENGTH DATA ELEMENTS--GENERAL INFORMATION
fixed length control field 160324b xxu||||| |||| 00| 0 eng d
020 ## - INTERNATIONAL STANDARD BOOK NUMBER
International Standard Book Number 0815127855
040 ## - CATALOGING SOURCE
Transcribing agency N/A
050 ## - LIBRARY OF CONGRESS CALL NUMBER
Classification number RC55
Item number .M278 1999
100 ## - MAIN ENTRY--PERSONAL NAME
Personal name Kenneth G. Marshall
245 ## - TITLE STATEMENT
Title Mosby's 1999 Family Practiice Sourcebook
Statement of responsibility, etc Kenneth G. Marshall
260 ## - PUBLICATION, DISTRIBUTION, ETC. (IMPRINT)
Name of publisher, distributor, etc Mosby
Date of publication, distribution, etc 1999
942 ## - ADDED ENTRY ELEMENTS (KOHA)
Source of classification or shelving scheme Library of Congress Classification
Koha item type Long Loan Books
Holdings
Withdrawn status Lost status Source of classification or shelving scheme Damaged status Not for loan Collection code Home library Current library Shelving location Date acquired Total Checkouts Full call number Barcode Date last seen Price effective from Koha item type
    Library of Congress Classification     Non-fiction Rongo University Library Rongo University Library General Stacks 24/03/2016   RC55 .M278 1999 201611173 24/03/2016 24/03/2016 Long Loan Books

© 2026 Rongo University
Contact us: librarian | system librarian | Rongo university